000
00287nam a22001337a 4500
008
180928b xxu||||| |||| 00| 0 eng d
020
_a
9780300050820
041
_a
eng
080
_a
701
100
_a
44
101
_a
ART
245
_a
Giotto to Durer
_c
Dunkerton, J
942
_2
udc
_c
BK
999
_c
48679
_d
48679